[Event "Online Olym Div3 E"]
[Site "Chess.com INT"]
[Date "2021.08.29"]
[Round "8.3"]
[White "Warner, Delisle"]
[Black "Chavez, Ricardo Ernesto"]
[Result "0-1"]
[WhiteElo "2124"]
[BlackElo "2242"]
[PlyCount "64"]
[EventDate "2021.08.27"]
[EventType "team-tourn (rapid)"]
[EventRounds "9"]
[EventCountry "USA"]
[SourceTitle "CBM 204 Extra"]
[Source "ChessBase"]
[SourceDate "2021.11.30"]
[SourceVersion "1"]
[SourceVersionDate "2021.11.30"]
[SourceQuality "1"]
[WhiteTeam "Barbados"]
[BlackTeam "El Salvador"]
[WhiteTeamCountry "BAR"]
[BlackTeamCountry "ESA"]

1. d4 Nf6 2. c4 d6 3. Nc3 Nbd7 4. e4 e5 5. Nf3 Be7 6. Be2 0-0 7. 0-0 c6 8. Re1 a6 9. a4 a5 10. h3 Qc7 11. Be3 Re8 12. Rc1 Nf8 13. Bf1 Ne6 14. c5 dxc5 15. d5 Nd4 16. Nd2 Rd8 17. f4 exf4 18. Bxd4 cxd4 19. Nb5 Qe5 20. Nf3 Qh5 21. dxc6 bxc6 22. Rxc6 Bd7 23. Rc7 Bb4 24. Nfxd4 Bxe1 25. Qxe1 Qe5 26. Nf3 Qxe4 27. Qh4 Rac8 28. Rxc8 Rxc8 29. Kh2 Rc1 30. Ng5 Qe3 31. Nxh7 Nxh7 32. Qd8+ Nf8 0-1

[Event "Online Olym Div3 E"]
[Site "Chess.com INT"]
[Date "2021.08.29"]
[Round "7.3"]
[White "Ynojosa Aponte, Felix Jose"]
[Black "Warner, Delisle"]
[Result "1-0"]
[WhiteElo "2393"]
[BlackElo "2124"]
[PlyCount "57"]
[EventDate "2021.08.27"]
[EventType "team-tourn (rapid)"]
[EventRounds "9"]
[EventCountry "USA"]
[SourceTitle "CBM 204 Extra"]
[Source "ChessBase"]
[SourceDate "2021.11.30"]
[SourceVersion "1"]
[SourceVersionDate "2021.11.30"]
[SourceQuality "1"]
[WhiteTeam "Venezuela"]
[BlackTeam "Barbados"]
[WhiteTeamCountry "VEN"]
[BlackTeamCountry "BAR"]

1. e4 e6 2. c4 b6 3. Nc3 Bb7 4. d4 Bb4 5. Bd3 f5 6. d5 fxe4 7. Bxe4 Nf6 8. Bg5 exd5 9. Bxd5 Qe7+ 10. Nge2 Bxd5 11. cxd5 Bxc3+ 12. bxc3 Qe5 13. Bxf6 Qxf6 14. 0-0 0-0 15. Qa4 Qe5 16. Qc4 Qd6 17. Ng3 Qc5 18. Qd3 c6 19. d6 a5 20. Rae1 a4 21. Re7 Ra5 22. Ne4 Qf5 23. Qd4 Rf7 24. Qxb6 Na6 25. Ng3 Qc5 26. Qd8+ Rf8 27. Qxd7 Qxc3 28. Qe6+ Kh8 29. Re8 1-0

[Event "Online Olym Div3 E"]
[Site "Chess.com INT"]
[Date "2021.08.27"]
[Round "2.5"]
[White "Christie, Joshua"]
[Black "Warner, Delisle"]
[Result "1-0"]
[WhiteElo "2206"]
[BlackElo "2124"]
[PlyCount "127"]
[EventDate "2021.08.27"]
[EventType "team-tourn (rapid)"]
[EventRounds "9"]
[EventCountry "USA"]
[SourceTitle "CBM 204 Extra"]
[Source "ChessBase"]
[SourceDate "2021.11.30"]
[SourceVersion "1"]
[SourceVersionDate "2021.11.30"]
[SourceQuality "1"]
[WhiteTeam "Jamaica"]
[BlackTeam "Barbados"]
[WhiteTeamCountry "JAM"]
[BlackTeamCountry "BAR"]

1. d4 d5 2. c4 c6 3. Nc3 Nf6 4. Nf3 a6 5. c5 g6 6. Bf4 Nh5 7. e3 Nxf4 8. exf4 Bg7 9. Be2 b6 10. cxb6 Qxb6 11. Qd2 Bg4 12. Na4 Qa7 13. Nc5 Nd7 14. Nxd7 Bxf3 15. Bxf3 Kxd7 16. Rd1 e6 17. 0-0 Rhc8 18. Rfe1 Rab8 19. b3 a5 20. f5 gxf5 21. g4 Rb4 22. gxf5 Bxd4 23. Kh1 Bxf2 24. Rf1 Be3 25. Qc2 Rh4 26. fxe6+ fxe6 27. Bg4 Qc5 28. Bxe6+ Kc7 29. Rf7+ Kb8 30. Qxc5 Bxc5 31. Bxc8 Kxc8 32. Rc1 Be3 33. Rxc6+ Kd8 34. Rd6+ Ke8 35. Rb7 Rxh2+ 36. Kxh2 Bf4+ 37. Kg2 Bxd6 38. Rxh7 d4 39. Kf3 Bb4 40. Ke4 Bc3 41. Kd3 a4 42. bxa4 Kd8 43. a5 Bxa5 44. Kxd4 Kc8 45. Kc5 Kb8 46. Kb5 Be1 47. a4 Bd2 48. Ka6 Bc3 49. Rf7 Bd4 50. Rf8+ Kc7 51. a5 Bc5 52. Rg8 Bf2 53. Kb5 Kb7 54. Rg7+ Kb8 55. Rf7 Bg3 56. Kb6 Ka8 57. a6 Bh2 58. Rf1 Be5 59. Rd1 Bg3 60. Rd8+ Bb8 61. Rd7 Bg3 62. a7 Bh4 63. Ka6 Bg5 64. Rd5 1-0

[Event "Online Olym Div3 E"]
[Site "Chess.com INT"]
[Date "2021.08.27"]
[Round "3.1"]
[White "Warner, Delisle"]
[Black "Rodriguez Santiago, Jaime"]
[Result "0-1"]
[WhiteElo "2124"]
[BlackElo "2037"]
[PlyCount "128"]
[EventDate "2021.08.27"]
[EventType "team-tourn (rapid)"]
[EventRounds "9"]
[EventCountry "USA"]
[SourceTitle "CBM 204 Extra"]
[Source "ChessBase"]
[SourceDate "2021.11.30"]
[SourceVersion "1"]
[SourceVersionDate "2021.11.30"]
[SourceQuality "1"]
[WhiteTeam "Barbados"]
[BlackTeam "Puerto Rico"]
[WhiteTeamCountry "BAR"]
[BlackTeamCountry "PUR"]

1. d4 g6 2. c4 d6 3. Nc3 Bg7 4. e4 c5 5. d5 e6 6. f4 Ne7 7. Nf3 0-0 8. Be2 exd5 9. cxd5 a6 10. a4 Nd7 11. 0-0 f5 12. e5 dxe5 13. d6 Nc6 14. Ng5 Nf6 15. Bc4+ Kh8 16. Nf7+ Rxf7 17. Bxf7 e4 18. Be3 b6 19. a5 Ng4 20. Nd5 Nxe3 21. Nxe3 Bxb2 22. Qd5 Bd7 23. axb6 Bd4 24. Ra3 Nb4 25. Qb3 Qxb6 26. Kh1 Qxd6 27. Nc4 Qf6 28. Ne5 Bb5 29. Bc4 Bxc4 30. Nxc4 Qe6 31. Ne5 Qxb3 32. Rxb3 Bxe5 33. fxe5 Re8 34. Rd1 Rxe5 35. Rd8+ Kg7 36. Rc8 e3 37. Rb1 e2 38. Re1 Nd3 39. Rxe2 Rxe2 40. h3 a5 41. Rd8 c4 42. Rd4 Rc2 43. Rd7+ Kh6 44. Ra7 Ra2 45. Rc7 Nb2 46. h4 a4 47. Kh2 a3 48. h5 Kxh5 49. Rxh7+ Kg5 50. Rc7 Ra1 51. Rc6 a2 52. Ra6 c3 53. g4 Kxg4 54. Rxg6+ Kf4 55. Ra6 c2 56. Rb6 c1Q 57. Rb4+ Kg5 58. Kg3 Qc3+ 59. Kg2 Qd2+ 60. Kf3 Qxb4 61. Ke3 Re1+ 62. Kf3 Qg4+ 63. Kf2 Re2+ 64. Kf1 Qg2# 0-1

[Event "Bridgetown sub zt 2.3.5"]
[Site "Bridgetown"]
[Date "2016.05.02"]
[Round "9"]
[White "Lorne, Ras Malaku"]
[Black "Warner, Delisle"]
[Result "1-0"]
[WhiteElo "2082"]
[BlackElo "2144"]
[PlyCount "95"]
[EventDate "2016.04.28"]
[EventType "swiss"]
[EventRounds "9"]
[EventCountry "BAR"]
[SourceTitle "CBM 172 Extra"]
[Source "ChessBase"]
[SourceDate "2016.06.21"]
[SourceVersion "1"]
[SourceVersionDate "2016.06.21"]
[SourceQuality "1"]

1. c4 e5 2. g3 Nf6 3. Bg2 h6 4. Nc3 Bb4 5. Qb3 a5 6. Nf3 Nc6 7. a3 Bxc3 8. Qxc3 Qe7 9. 0-0 0-0 10. d4 d6 11. dxe5 dxe5 12. b3 Ne4 13. Qe3 Nc5 14. Bb2 Re8 15. Rfd1 a4 16. b4 Nb3 17. Ra2 f6 18. Nd2 Ncd4 19. Bxd4 Nxd4 20. Nf3 Nf5 21. Qc3 Be6 22. Raa1 Qf7 23. c5 Bb3 24. Re1 Ne7 25. Nd2 Bd5 26. Bxd5 Nxd5 27. Qc4 Red8 28. Rad1 b5 29. Qc2 Ne7 30. Nf3 Nc6 31. Rd3 Qe6 32. e4 Kf8 33. Red1 Rxd3 34. Rxd3 Rd8 35. Rxd8+ Nxd8 36. Qd3 Qe8 37. Nh4 Ne6 38. Qd5 Kg8 39. c6 Kh7 40. Qxb5 Nd4 41. Qxa4 Qh5 42. Nf5 Nf3+ 43. Kg2 Nxh2 44. Qb3 Ng4 45. Nh4 g5 46. Nf3 Qe8 47. Qd5 Nxf2 48. Qd7+ 1-0

[Event "Bridgetown sub zt 2.3.5"]
[Site "Bridgetown"]
[Date "2016.05.01"]
[Round "6"]
[White "Warner, Delisle"]
[Black "Del Castilho, Martyn Simon"]
[Result "0-1"]
[WhiteElo "2144"]
[BlackElo "2238"]
[PlyCount "98"]
[EventDate "2016.04.28"]
[EventType "swiss"]
[EventRounds "9"]
[EventCountry "BAR"]
[SourceTitle "CBM 172 Extra"]
[Source "ChessBase"]
[SourceDate "2016.06.21"]
[SourceVersion "1"]
[SourceVersionDate "2016.06.21"]
[SourceQuality "1"]

1. Nf3 Nf6 2. c4 c6 3. g3 g6 4. b4 Bg7 5. Bb2 0-0 6. Bg2 d5 7. cxd5 cxd5 8. 0-0 a5 9. b5 a4 10. Na3 Bg4 11. d3 Nbd7 12. Qd2 Bxf3 13. Bxf3 e6 14. Rfc1 Qa5 15. Qxa5 Rxa5 16. Rc7 Ne8 17. Bxg7 Nxc7 18. Bxf8 Kxf8 19. Rb1 Ke7 20. e3 Nb6 21. h4 Ne8 22. Kf1 Ra8 23. Ke1 Rc8 24. Kd2 Kd6 25. Rb4 f5 26. Bd1 e5 27. Nb1 Kc5 28. Rb2 Nd6 29. f4 Ndc4+ 30. dxc4 Nxc4+ 31. Kc1 Nxb2 32. Kxb2 exf4 33. exf4 Kxb5 34. Nc3+ Kc4 35. Nxa4 Kd4 36. h5 Rc6 37. hxg6 hxg6 38. Kb3 b5 39. Nb2 Rc3+ 40. Kb4 Rxg3 41. Kxb5 Rg2 42. Na4 Rxa2 43. Nb6 Rf2 44. Kc6 Rxf4 45. Nxd5 Rf1 46. Be2 Rf2 47. Ba6 g5 48. Ne7 g4 49. Bc8 g3 0-1

[Event "La Libertad zt 2.3"]
[Site "La Libertad"]
[Date "2015.04.04"]
[Round "6"]
[White "Urbina, Ricardo"]
[Black "Warner, Delisle"]
[Result "1-0"]
[WhiteElo "2229"]
[BlackElo "2160"]
[PlyCount "143"]
[EventDate "2015.03.31"]
[EventType "swiss"]
[EventRounds "9"]
[EventCountry "ECU"]
[SourceTitle "CBM 165 Extra"]
[Source "ChessBase"]
[SourceDate "2015.04.21"]
[SourceVersion "1"]
[SourceVersionDate "2015.04.21"]
[SourceQuality "1"]

1. e4 e6 2. d4 d5 3. Nc3 Nf6 4. Bg5 Be7 5. e5 Nfd7 6. h4 Bxg5 7. hxg5 Qxg5 8. Qd3 h5 9. Nf3 Qe7 10. g4 g6 11. gxh5 gxh5 12. 0-0-0 Nb6 13. Qe3 Bd7 14. Be2 Nc6 15. Qg5 0-0-0 16. Qxe7 Nxe7 17. Ng5 Rhg8 18. f4 Ng6 19. Nh3 h4 20. Bd3 Nc4 21. Rde1 Nb6 22. b3 Rdf8 23. Bxg6 Rxg6 24. Ng5 Rh6 25. Reg1 f6 26. Nf3 fxe5 27. Nxe5 h3 28. Rg3 Rh4 29. Ng6 Rhh8 30. Nxh8 Rxh8 31. Rhxh3 Rf8 32. Rh4 Be8 33. Rg7 Nd7 34. Rgh7 Kd8 35. Rh8 Rxh8 36. Rxh8 Nf6 37. Nd1 Ke7 38. Ne3 Kf7 39. Rh4 Kg6 40. c4 c6 41. Kc2 Kg7 42. Kb2 Bh5 43. Rh1 Bf3 44. Rc1 Be4 45. Rg1+ Kf7 46. Ng4 Nh5 47. Ne5+ Kf6 48. Nd7+ Ke7 49. Rg5 Nxf4 50. Rg7+ Kd8 51. Nc5 b6 52. Nb7+ Kc8 53. Nd6+ Kb8 54. Rb7+ Ka8 55. Rf7 Nd3+ 56. Kc3 a5 57. Nc8 b5 58. Nb6+ Kb8 59. c5 Nc1 60. Rf2 b4+ 61. Kd2 Nxa2 62. Rf8+ Kb7 63. Ra8 Nc3 64. Rxa5 Nb5 65. Ke3 Na3 66. Kf4 Bd3 67. Ke5 Nc2 68. Ra2 Be4 69. Nc4 Ne1 70. Nd6+ Kb8 71. Nxe4 dxe4 72. Kxe4 1-0

[Event "Bridgetown Heroes Day"]
[Site "Bridgetown"]
[Date "2014.05.01"]
[Round "9"]
[White "Warner, Delisle"]
[Black "Farley, Terry"]
[Result "1/2-1/2"]
[WhiteElo "2192"]
[BlackElo "2213"]
[PlyCount "140"]
[EventDate "2014.04.26"]
[EventType "tourn"]
[EventRounds "10"]
[EventCountry "BAR"]
[EventCategory "3"]
[SourceTitle "CBM 160 Extra"]
[Source "ChessBase"]
[SourceDate "2014.07.01"]
[SourceVersion "1"]
[SourceVersionDate "2014.07.01"]
[SourceQuality "1"]

1. d4 Nf6 2. c4 g6 3. f3 Bg7 4. e4 d6 5. Nc3 0-0 6. Nge2 Nc6 7. Be3 a6 8. Qd2 Rb8 9. Rb1 b5 10. cxb5 axb5 11. b4 Bd7 12. d5 Ne5 13. Nd4 Qe8 14. Be2 e6 15. dxe6 fxe6 16. 0-0 d5 17. Nb3 Nc4 18. Bxc4 dxc4 19. Nc5 Bc6 20. Rfd1 Qe7 21. Qc2 Rfd8 22. Rxd8+ Rxd8 23. a4 bxa4 24. b5 Bd7 25. N3xa4 Ne8 26. Qxc4 Nd6 27. Qb3 Bxb5 28. Qxe6+ Qf7 29. Qxf7+ Kxf7 30. Nb7 Ra8 31. Nxd6+ cxd6 32. Rxb5 Rxa4 33. Rb7+ Kg8 34. Ra7 Rxa7 35. Bxa7 Kf7 36. Kf2 Ke6 37. Ke3 d5 38. f4 dxe4 39. Kxe4 h5 40. g3 Bf6 41. h3 Bc3 42. Bd4 Be1 43. g4 hxg4 44. hxg4 Bg3 45. Bc3 Bf2 46. Bg7 Bc5 47. Bh6 Be7 48. Kd4 Bd6 49. Kc4 Be7 50. Kd4 Bd6 51. Kc4 Bc7 52. Kc5 Bd6+ 53. Kc6 Ba3 54. Kc7 Kf7 55. Kd7 Bb2 56. Bg5 Bc3 57. Be7 Bd2 58. Bd6 Bc1 59. Be5 Bd2 60. Kd6 Bc1 61. Kd5 Bd2 62. Bc7 Bc1 63. Ke5 Bb2+ 64. Kd5 Bc1 65. Bb8 Bb2 66. Ba7 Bc1 67. Ke5 Bb2+ 68. Bd4 Bc1 69. f5 gxf5 70. Kxf5 Kg8 1/2-1/2

[Event "Bridgetown Heroes Day"]
[Site "Bridgetown"]
[Date "2014.04.28"]
[Round "4"]
[White "Farley, Terry"]
[Black "Warner, Delisle"]
[Result "0-1"]
[WhiteElo "2213"]
[BlackElo "2192"]
[PlyCount "116"]
[EventDate "2014.04.26"]
[EventType "tourn"]
[EventRounds "10"]
[EventCountry "BAR"]
[EventCategory "3"]
[SourceTitle "CBM 160 Extra"]
[Source "ChessBase"]
[SourceDate "2014.07.01"]
[SourceVersion "1"]
[SourceVersionDate "2014.07.01"]
[SourceQuality "1"]

1. c4 c5 2. Nc3 b6 3. Nf3 Bb7 4. e4 g6 5. d4 Bg7 6. d5 d6 7. Bd3 Nf6 8. 0-0 Na6 9. Re1 Nd7 10. Bf4 Ne5 11. Be2 0-0 12. Qd2 Nc7 13. Bh6 a6 14. a4 Qd7 15. Bxg7 Kxg7 16. Nh4 f6 17. f4 Nf7 18. h3 e5 19. dxe6 Qxe6 20. Nd5 Bxd5 21. exd5 Qd7 22. Qc3 Nh6 23. Bd3 Rfe8 24. b3 Rxe1+ 25. Rxe1 Re8 26. Kf2 Rxe1 27. Qxe1 Qe8 28. Qc3 a5 29. Nf3 Kf7 30. g4 Qe7 31. Nd2 Ne8 32. Ne4 Kg8 33. Ng3 Kf8 34. Bc2 Ng8 35. Kf3 Ng7 36. Bd3 Ke8 37. Ne4 Kd7 38. Ng3 Ne8 39. Bb1 Nc7 40. Bc2 Na6 41. h4 Nb4 42. Bb1 Qf7 43. h5 Ne7 44. hxg6 hxg6 45. Qe1 Nbxd5 46. cxd5 Qxd5+ 47. Qe4 Qxb3+ 48. Qd3 Qxa4 49. Ne4 Qc6 50. Kg3 d5 51. Nc3 d4 52. Bc2 Qh1 53. Ba4+ Kd8 54. Qb5 Qe1+ 55. Kg2 Qe6 56. Qe8+ Kc7 57. Bd7 Qxd7 58. Nb5+ Kc6 0-1

[Event "Port of Spain Sub zt 2.3.5"]
[Site "Port of Spain"]
[Date "2014.03.31"]
[Round "7"]
[White "Munoz Sanchez, Miguel Angel"]
[Black "Warner, Delisle"]
[Result "1-0"]
[WhiteElo "2284"]
[BlackElo "2187"]
[PlyCount "79"]
[EventDate "2014.03.27"]
[EventType "swiss"]
[EventRounds "9"]
[EventCountry "TRI"]
[SourceTitle "EXT 2023"]
[Source "ChessBase"]
[SourceDate "2022.10.05"]
[SourceVersion "1"]
[SourceVersionDate "2022.10.05"]
[SourceQuality "1"]

1. e4 b6 2. d4 Bb7 3. Bd3 Nf6 4. Qe2 Nc6 5. c3 e5 6. d5 Ne7 7. Bg5 Ng6 8. Nf3 Be7 9. h4 h6 10. Bd2 Nh5 11. g3 0-0 12. c4 c6 13. Nc3 Bb4 14. 0-0-0 cxd5 15. cxd5 Qe7 16. Kb1 Rfc8 17. Rc1 Bxc3 18. Bxc3 d6 19. Nd2 Nf6 20. Nc4 Nd7 21. Ne3 Nc5 22. h5 Nf8 23. Nf5 Qf6 24. Rh4 Kh7 25. Rch1 Nxd3 26. Qxd3 Nd7 27. g4 Nc5 28. Qe3 Ba6 29. f3 Nd3 30. R4h2 Rxc3 31. bxc3 Rc8 32. g5 hxg5 33. Rg2 Nf4 34. Rg4 Bd3+ 35. Kb2 Bc4 36. Rhg1 Rc5 37. Rxg5 g6 38. hxg6+ fxg6 39. Rxg6 Rb5+ 40. Ka1 1-0

[Event "Port of Spain Sub zt 2.3.5"]
[Site "Port of Spain"]
[Date "2014.03.29"]
[Round "5"]
[White "Warner, Delisle"]
[Black "Treu, Auke"]
[Result "1-0"]
[WhiteElo "2187"]
[BlackElo "2033"]
[PlyCount "91"]
[EventDate "2014.03.27"]
[EventType "swiss"]
[EventRounds "9"]
[EventCountry "TRI"]
[SourceTitle "EXT 2023"]
[Source "ChessBase"]
[SourceDate "2022.10.05"]
[SourceVersion "1"]
[SourceVersionDate "2022.10.05"]
[SourceQuality "1"]

1. d4 Nf6 2. c4 g6 3. f3 Bg7 4. e4 c6 5. Nc3 d5 6. e5 Ng8 7. Bg5 dxc4 8. Bxc4 Qa5 9. Qb3 e6 10. 0-0-0 b5 11. Bd3 f6 12. Bd2 Qd8 13. Ne4 fxe5 14. dxe5 Bxe5 15. Bg5 Qd5 16. Qa3 Nd7 17. Bc2 b4 18. Qa4 Qb5 19. Qb3 Ndf6 20. Nh3 Bd7 21. f4 Nxe4 22. Bxe4 Bf6 23. Kb1 0-0-0 24. Bd3 Qa5 25. Bc4 h6 26. Bxe6 hxg5 27. Rxd7 Rxd7 28. Rd1 Rhh7 29. Bxd7+ Rxd7 30. Qxg8+ Kc7 31. Rxd7+ Kxd7 32. Qf7+ Be7 33. Nxg5 b3 34. Qe6+ Ke8 35. Qxc6+ Kf8 36. Qc8+ Bd8 37. Qxd8+ Qxd8 38. Ne6+ Ke8 39. Nxd8 bxa2+ 40. Kxa2 Kxd8 41. Kb3 Ke7 42. Kc4 Ke6 43. g4 Kd6 44. h4 Ke6 45. Kc5 a6 46. b4 1-0

[Event "Hastings Heroes Day"]
[Site "Hastings"]
[Date "2013.04.29"]
[Round "5"]
[White "Amanov, Mesgen"]
[Black "Warner, Delisle"]
[Result "1/2-1/2"]
[WhiteElo "2510"]
[BlackElo "2204"]
[PlyCount "101"]
[EventDate "2013.04.27"]
[EventType "tourn"]
[EventRounds "10"]
[EventCountry "BAR"]
[EventCategory "2"]
[SourceTitle "EXT 2014"]
[Source "ChessBase"]
[SourceDate "2013.11.20"]
[SourceVersion "1"]
[SourceVersionDate "2013.11.20"]
[SourceQuality "1"]

1. d4 Nf6 2. c4 e6 3. Nf3 Bb4+ 4. Nbd2 d5 5. e3 0-0 6. a3 Be7 7. Bd3 c5 8. dxc5 Bxc5 9. 0-0 a5 10. b3 Qe7 11. Bb2 b6 12. Qc2 Nbd7 13. cxd5 exd5 14. e4 h6 15. exd5 Nxd5 16. Rfe1 Qd8 17. Ne4 Be7 18. Qc6 Nf4 19. Rad1 Nxd3 20. Rxd3 Ra7 21. Qc3 f6 22. Ng3 Rc7 23. Qd2 Ba6 24. Nf5 Bc5 25. Rd5 Bb7 26. b4 axb4 27. axb4 Bxb4 28. Qxb4 Bxd5 29. Ne7+ Kh7 30. Nxd5 Rc5 31. Nf4 Re8 32. Ne6 Qc8 33. Nxc5 Qxc5 34. Qxc5 Rxe1+ 35. Nxe1 Nxc5 36. Bd4 Nd7 37. Kf1 Kg6 38. Ke2 Kf5 39. Kd3 h5 40. Nc2 g5 41. Ne3+ Ke6 42. Nc4 b5 43. Na3 b4 44. Nc2 h4 45. Nxb4 Nf8 46. Be3 Ng6 47. Kd4 Ne5 48. h3 Kf5 49. Nd5 g4 50. hxg4+ Nxg4 51. Ne7+ 1/2-1/2

[Event "Hastings Heroes Day"]
[Site "Hastings"]
[Date "2013.04.29"]
[Round "6"]
[White "Harper, Ryan"]
[Black "Warner, Delisle"]
[Result "0-1"]
[WhiteElo "2244"]
[BlackElo "2204"]
[PlyCount "105"]
[EventDate "2013.04.27"]
[EventType "tourn"]
[EventRounds "10"]
[EventCountry "BAR"]
[EventCategory "2"]
[SourceTitle "EXT 2014"]
[Source "ChessBase"]
[SourceDate "2013.11.20"]
[SourceVersion "1"]
[SourceVersionDate "2013.11.20"]
[SourceQuality "1"]

1. e4 e6 2. d4 d5 3. Nc3 Nf6 4. e5 Nfd7 5. f4 c5 6. Nf3 Nc6 7. Be3 cxd4 8. Nxd4 Qb6 9. Na4 Qa5+ 10. Nc3 Qb6 11. Qd2 Qxb2 12. Rb1 Qa3 13. Ncb5 Qxa2 14. Rd1 Rb8 15. Nc7+ Kd8 16. Ndxe6+ fxe6 17. Nxe6+ Ke7 18. Nc7 d4 19. e6 Kd8 20. Bxd4 Kxc7 21. exd7 Qe6+ 22. Be5+ Kd8 23. dxc8Q+ Kxc8 24. c3 Bc5 25. Bc4 Qe7 26. Qe2 Nxe5 27. fxe5 Rf8 28. Rd5 Kc7 29. e6 Rbd8 30. Rxc5+ Qxc5 31. e7 Rde8 32. exf8Q Rxe2+ 33. Kxe2 Qxf8 34. Rf1 Qe7+ 35. Kd3 Qd6+ 36. Kc2 Qg6+ 37. Kb3 Qxg2 38. h4 Qg4 39. Rf7+ Kc6 40. Bd3 a5 41. Re7 a4+ 42. Kc2 Kd6 43. Re4 Qg2+ 44. Re2 Qd5 45. Re4 Qa2+ 46. Kc1 a3 47. Rb4 Qa1+ 48. Kd2 a2 49. Rd4+ Kc7 50. Rc4+ Kb8 51. Rb4 Qg1 52. Be4 a1Q 53. Bxb7 0-1

[Event "Olympiad-40"]
[Site "Istanbul"]
[Date "2012.08.31"]
[Round "4.4"]
[White "Barrientos Chavarriaga, Sergio E"]
[Black "Warner, Delisle"]
[Result "1-0"]
[WhiteElo "2500"]
[BlackElo "2204"]
[PlyCount "63"]
[EventDate "2012.08.28"]
[EventType "team-swiss"]
[EventRounds "11"]
[EventCountry "TUR"]
[SourceTitle "CBM 151"]
[Source "ChessBase"]
[SourceDate "2012.11.13"]
[SourceVersion "1"]
[SourceVersionDate "2012.11.13"]
[SourceQuality "1"]
[WhiteTeam "Colombia"]
[BlackTeam "Barbados"]
[WhiteTeamCountry "COL"]
[BlackTeamCountry "BAR"]

1. e4 e6 2. d4 d5 3. Nc3 Bb4 4. e5 c5 5. a3 Bxc3+ 6. bxc3 Qc7 7. Qg4 f5 8. Qg3 cxd4 9. cxd4 Ne7 10. Bd2 0-0 11. Bd3 b6 12. Ne2 Ba6 13. Nf4 Qd7 14. h4 Bxd3 15. cxd3 Nbc6 16. Be3 Rfc8 17. h5 h6 18. Qh4 Nd8 19. Rh3 Rc2 20. Rg3 Kf8 21. Kf1 Rac8 22. Kg1 Rb2 23. a4 Rcc2 24. Kh2 Ra2 25. Rxa2 Rxa2 26. Ng6+ Nxg6 27. hxg6 Kg8 28. Bg5 Nc6 29. Bxh6 gxh6 30. g7 Nd8 31. Qxh6 Nf7 32. Qh7+ 1-0

[Event "Olympiad-40"]
[Site "Istanbul"]
[Date "2012.08.29"]
[Round "2.4"]
[White "Warner, Delisle"]
[Black "Mueller, Oliver"]
[Result "1-0"]
[WhiteElo "2204"]
[BlackElo "2265"]
[PlyCount "161"]
[EventDate "2012.08.28"]
[EventType "team-swiss"]
[EventRounds "11"]
[EventCountry "TUR"]
[SourceTitle "CBM 151"]
[Source "ChessBase"]
[SourceDate "2012.11.13"]
[SourceVersion "1"]
[SourceVersionDate "2012.11.13"]
[SourceQuality "1"]
[WhiteTeam "Barbados"]
[BlackTeam "IBCA"]
[WhiteTeamCountry "BAR"]

1. d4 Nf6 2. c4 e6 3. Nf3 Bb4+ 4. Bd2 Qe7 5. g3 Nc6 6. Bg2 Ne4 7. 0-0 Nxd2 8. Nbxd2 Bxd2 9. Qxd2 d6 10. b4 e5 11. e3 0-0 12. Qc3 Re8 13. b5 Nb8 14. Rfd1 Nd7 15. a4 Nf6 16. h3 h6 17. Nd2 e4 18. Nb3 Nh7 19. Kh2 Ng5 20. Nd2 Qf6 21. Rf1 Qf5 22. g4 Qf6 23. f4 exf3 24. Nxf3 Ne4 25. Qd3 Qe7 26. Rae1 f5 27. gxf5 Bxf5 28. Ne5 Qh4 29. Rxf5 Qg3+ 30. Kg1 Qxe1+ 31. Rf1 Qg3 32. Rf3 Qg5 33. Nf7 Qe7 34. Rf4 Nf6 35. Nxh6+ gxh6 36. Qg6+ Qg7 37. Rxf6 Qxg6 38. Rxg6+ Kh7 39. Rg3 Rg8 40. Rf3 Rg7 41. Kh2 Re8 42. a5 b6 43. axb6 axb6 44. Bf1 Rge7 45. Bd3+ Kh8 46. e4 Ra8 47. Kg3 Rg7+ 48. Kh4 Kg8 49. c5 Ra4 50. cxb6 cxb6 51. Kh5 Rxd4 52. Kxh6 Rf7 53. Rg3+ Kf8 54. Bc2 d5 55. Bb3 Rxe4 56. Bxd5 Rf6+ 57. Kg5 Ref4 58. Be4 Rf2 59. h4 R6f4 60. Re3 Rf7 61. h5 Rg7+ 62. Bg6 Rg2+ 63. Kh6 R7xg6+ 64. hxg6 Rh2+ 65. Kg5 Rg2+ 66. Kf6 Rf2+ 67. Ke6 Kg7 68. Kd6 Rc2 69. Re7+ Kxg6 70. Rc7 Rb2 71. Kc6 Kf6 72. Rd7 Ke6 73. Rd1 Ke7 74. Kxb6 Rb3 75. Kc6 Rc3+ 76. Kb7 Rb3 77. b6 Rb2 78. Kc7 Rc2+ 79. Kb8 Rb2 80. b7 Rb3 81. Ra1 1-0

[Event "Bridgetown Heroes Day"]
[Site "Bridgetown"]
[Date "2012.04.30"]
[Round "7"]
[White "Warner, Delisle"]
[Black "Farley, Terry"]
[Result "0-1"]
[WhiteElo "2210"]
[BlackElo "2250"]
[PlyCount "102"]
[EventDate "2012.04.27"]
[EventType "tourn"]
[EventRounds "10"]
[EventCountry "BAR"]
[EventCategory "2"]
[SourceTitle "CBM 148 Extra"]
[Source "ChessBase"]
[SourceDate "2012.06.22"]
[SourceVersion "1"]
[SourceVersionDate "2012.06.22"]
[SourceQuality "1"]

1. d4 Nf6 2. c4 g6 3. Nc3 Bg7 4. e4 d6 5. f4 0-0 6. Nf3 c5 7. d5 e6 8. Be2 exd5 9. cxd5 Bg4 10. 0-0 Nbd7 11. h3 Bxf3 12. Bxf3 Re8 13. g4 c4 14. Be3 Qa5 15. Qc2 Nc5 16. g5 Nfd7 17. Nd1 Nb3 18. axb3 Qxa1 19. bxc4 Qa5 20. Nf2 Qa2 21. Nd3 Rac8 22. Rc1 Nb6 23. b3 Qxc2 24. Rxc2 Nxd5 25. Bxa7 Nc3 26. e5 dxe5 27. fxe5 Nb5 28. Bf2 Red8 29. Bxb7 Rb8 30. Bd5 Nc7 31. Be4 Rxb3 32. Nc5 Rb1+ 33. Kg2 Bxe5 34. Re2 Rb2 35. Rxb2 Bxb2 36. Nd3 Bd4 37. Bg3 Ne6 38. h4 Nc5 39. Nxc5 Bxc5 40. Bd5 Re8 41. Kf3 Kg7 42. Kg4 f6 43. gxf6+ Kxf6 44. h5 g5 45. Bc7 h6 46. Ba5 Ke5 47. Bc7+ Bd6 48. Bxd6+ Kxd6 49. Kf5 Re5+ 50. Kg6 Rxd5 51. cxd5 g4 0-1

[Event "Bridgetown Heroes Day"]
[Site "Bridgetown"]
[Date "2012.04.28"]
[Round "4"]
[White "Warner, Delisle"]
[Black "Zapata, Alonso"]
[Result "0-1"]
[WhiteElo "2210"]
[BlackElo "2485"]
[PlyCount "74"]
[EventDate "2012.04.27"]
[EventType "tourn"]
[EventRounds "10"]
[EventCountry "BAR"]
[EventCategory "2"]
[SourceTitle "CBM 148 Extra"]
[Source "ChessBase"]
[SourceDate "2012.06.22"]
[SourceVersion "1"]
[SourceVersionDate "2012.06.22"]
[SourceQuality "1"]

1. d4 Nf6 2. Nf3 g6 3. Bf4 Bg7 4. e3 0-0 5. Be2 d5 6. Nbd2 c6 7. h3 Nbd7 8. c3 Re8 9. Ne5 Nxe5 10. Bxe5 Nd7 11. Bxg7 Kxg7 12. 0-0 e5 13. Nf3 Qb6 14. Nxe5 Nxe5 15. dxe5 Rxe5 16. Qd4 f6 17. Qxb6 axb6 18. a3 Be6 19. Rad1 Kf8 20. Rd2 Bf7 21. Rfd1 g5 22. Bf3 b5 23. Rd4 Bg6 24. Re1 Rae8 25. a4 bxa4 26. Rxa4 h5 27. Rea1 h4 28. Ra8 Rxa8 29. Rxa8+ Re8 30. Ra7 Rb8 31. Kh2 Bd3 32. Ra4 Ke7 33. e4 Bc2 34. Rd4 dxe4 35. Bg4 Rd8 36. Rb4 b5 37. g3 Bd3 0-1